Apartmány Technik

Gespeichert in:
Bibliographische Detailangaben
1. Verfasser: Bögiová, Enikő (Verfasst von)
Weitere Verfasser: Malovaný, Marián, 1945- (Betreuung Doktorarbeit)
Format: Manuskript Buch
Sprache:Slowakisch
Veröffentlicht: Bratislava 2015
Schlagworte:
Online-Zugang:http://is.stuba.sk/zp/portal_zp.pl?podrobnosti=93853
Tags: Tag hinzufügen
Keine Tags, Fügen Sie das erste Tag hinzu!

MARC

LEADER 00000ntm a22000003a 4500
001 stuzp52570
003 SK-STU
005 20210226073354.4
007 ta
008 150427s2015----xo-----f-mn---000-0-slo-d
040 |a STU  |b slo 
041 0 |a slo 
100 1 |a Bögiová, Enikő  |u 051110  |4 aut  |U FAD Fakulta architektúry  |T FA Ústav architektúry obytných budov  |X 61997  |U A1110  |Y 392  |7 61997 
242 0 1 |a Aparments Technik  |y eng 
245 1 0 |a Apartmány Technik 
260 |c 2015  |a Bratislava 
650 4 |a Apartmány Technik  |2 slo 
650 4 |a ubytovanie  |2 slo 
650 4 |a obchodná pasáž  |2 slo 
650 4 |a Apartments Technik  |2 eng 
650 4 |a shopping passage  |2 eng 
650 4 |a accomondation  |2 eng 
700 1 |a Malovaný, Marián,  |d 1945-  |4 ths  |X 4186  |7 A000004186 
856 4 |u http://is.stuba.sk/zp/portal_zp.pl?podrobnosti=93853  |u https://opac.crzp.sk/?fn=detailBiblioForm&sid=367CD704F5D5570C76EFF6DE3652 
SQL |a stuzp52570  |b DBP  |c SLO  |d Apartmány Technik  |e 61997  |f Bögiová, Enikő  |g 051110  |h 4186  |i Malovaný, Marian  |j 20150611  |k 149  |l 05  |m http://is.stuba.sk/zp/portal_zp.pl?podrobnosti=93853  |n B-AU  |o 5.1.1. architektúra a urbanizmus